Ngôn ngữ học với việc dạy học tiếng Pháp /

Na minha lista:
Detalhes bibliográficos
Autor principal: Trần Đình Bình, TS.
Formato: Atigo
Idioma:Vietnamese
Assuntos:
Tags: Adicionar Tag
Sem tags, seja o primeiro a adicionar uma tag!
Thư viện lưu trữ: Thư viện Trường Đại học Đà Lạt
LEADER 00754nam a2200265 4500
001 DLU130148558
005 ##20130619
040 # # |a DLU  |b vie 
041 # # |a vie 
044 # # |a vn 
100 # # |a Trần Đình Bình,   |c TS. 
245 # # |a Ngôn ngữ học với việc dạy học tiếng Pháp /  |c Trần Đình Bình. 
653 # # |a Ngữ nghĩa 
653 # # |a Ngữ pháp 
653 # # |a Từ vựng 
773 # # |t Tạp chí Ngôn ngữ   |g Số 10(281), 2012, tr. 49-52 
920 # # |a Phòng Tạp chí -- Trung tâm Thông tin - Thư viện Trường Đại học Đà Lạt 
994 # # |a DLU 
900 # # |a True 
911 # # |a Nguyễn Thị Linh Chi 
925 # # |a G 
926 # # |a A 
927 # # |a BB 
980 # # |a Thư viện Trường Đại học Đà Lạt